Welcome to CU Library Online Public Access Catalogue (OPAC)

Macroeconomics / (Record no. 5213)

MARC details
000 -LEADER
fixed length control field 00629cam a22002054a 4500
001 - CONTROL NUMBER
control field 12127461
005 - DATE AND TIME OF LATEST TRANSACTION
control field 20250326123509.0
008 - FIXED-LENGTH DATA ELEMENTS--GENERAL INFORMATION
fixed length control field 000802s2001 maua b 001 0 eng
020 ## - INTERNATIONAL STANDARD BOOK NUMBER
International Standard Book Number 0072314893 (pbk. : alk. paper)
050 00 - LIBRARY OF CONGRESS CALL NUMBER
Classification number HB172.5
Item number .S255 2001
082 00 - DEWEY DECIMAL CLASSIFICATION NUMBER
Classification number 339
Edition information 21
100 1# - MAIN ENTRY--PERSONAL NAME
Personal name Samuelson, Paul A.
Fuller form of name (Paul Anthony),
Dates associated with a name 1915-2009.
245 10 - TITLE STATEMENT
Title Macroeconomics /
Statement of responsibility, etc. Paul A. Samuelson, William D. Nordhaus.
250 ## - EDITION STATEMENT
Edition statement 17th ed.
260 ## - PUBLICATION, DISTRIBUTION, ETC.
Place of publication, distribution, etc. Boston, Mass. :
Name of publisher, distributor, etc. McGraw-Hill/Irwin,
Date of publication, distribution, etc. c2001.
300 ## - PHYSICAL DESCRIPTION
Extent xxii, 452 p. :
Other physical details ill. ;
Dimensions 26 cm.
650 #0 - SUBJECT ADDED ENTRY--TOPICAL TERM
Topical term or geographic name entry element Macroeconomics.
700 1# - ADDED ENTRY--PERSONAL NAME
Personal name Nordhaus, William D.
942 ## - ADDED ENTRY ELEMENTS (KOHA)
Source of classification or shelving scheme Library of Congress Classification
Koha item type Books
Suppress in OPAC No
999 ## -
-- 5213
-- 5213
Holdings
Withdrawn status Lost status Source of classification or shelving scheme Damaged status Not for loan Collection Home library Current library Shelving location Date acquired Total checkouts Full call number Barcode Date last seen Copy number Price effective from Koha item type
    Library of Congress Classification     Non-fiction Graduate Library (Christ Temple) Graduate Library (Christ Temple) General stacks 03/26/2025   HB172.5 SAM GSCT00000827 03/26/2025 1 03/26/2025 Books
    Library of Congress Classification     Non-fiction Graduate Library (Christ Temple) Graduate Library (Christ Temple) General stacks 03/26/2025   HB172.5 SAM GSCT00000828 03/26/2025 2 03/26/2025 Books
© 2023-2024 Copyright: Central University Libraries. All Rights Reserved | Created by: Mahone Tech Office